Loading...
| History - Other | 0 | 3 | 0 | 1 | 30 | 88 | 121.33 | 1 | 2 | 0.00 | 0.00 |
| Religion | 0 | 3 | 1 | 3 | 25 | 124 | 132.33 | 0 | 2 | 0.00 | 0.00 |
| Science - Physics | 0 | 2 | 0 | 0 | 20 | 88 | 98.00 | 0 | 2 | 0.00 | 0.00 |
| Literature - British | 0 | 2 | 0 | 2 | 20 | 134 | 139.50 | 0 | 1 | 0.00 | 0.00 |
| Other | 0 | 2 | 1 | 0 | 15 | 74 | 83.00 | 1 | 2 | 0.00 | 0.00 |
| History - World | 0 | 2 | 1 | 0 | 15 | 62 | 96.50 | 1 | 1 | 0.00 | 0.00 |
| Mythology | 0 | 2 | 1 | 0 | 15 | 64 | 83.50 | 1 | 2 | 0.00 | 0.00 |
| Philosophy | 0 | 1 | 0 | 0 | 10 | 45 | 45.00 | 1 | 1 | 0.00 | 0.00 |
| Science - Other | 0 | 1 | 0 | 0 | 10 | 112 | 112.00 | 0 | 0 | 0.00 | 0.00 |
| History - American | 0 | 1 | 0 | 1 | 10 | 42 | 42.00 | 1 | 1 | 0.00 | 0.00 |
| Science - Biology | 0 | 1 | 1 | 0 | 5 | 87 | 87.00 | 1 | 1 | 0.00 | 0.00 |